000 00774nam a2200253Ia 4500
003 OSt
005 20220928132720.0
006 a|||||r|||| 00| 0
007 ta
008 220927b |||||||| |||| 00| 0 eng d
024 _a67584
037 _cTextual
040 _aSDCL
_cSDCL
_beng
041 _2eng
_aeng
082 _aXM8:6, P3.1
100 _aConstantinides George M Ed.
_9482703
245 0 _aHandbook of the economics of finance.V1A.
260 _aAmsterdam
_bElsevier
_c2003
490 _vV1A:Corporate finance xxiv,604p
_aHandbooks in economics,21
650 _aCorporate Finance
700 _a Harris Milton Ed.
_9482704
942 _hXM8:6, P3.1
_cTEXL
_2CC
999 _c795494
_d795494